Normal view
MARC view
- Gamble K.
Entry Personal Name
001 - CONTROL NUMBER
- control field: 27132
003 - CONTROL NUMBER IDENTIFIER
- control field: IT-RoPau
005 - DATE AND TIME OF LATEST TRANSACTION
- control field: 20140526221330.0
008 - FIXED-LENGTH DATA ELEMENTS
- fixed length control field: 140526|| aca||aabn | a|a d
040 ## - CATALOGING SOURCE
- Original cataloging agency: IT-RoPau
- Transcribing agency: IT-RoPau
100 ## - HEADING--PERSONAL NAME
- Personal name: Gamble K.
- Dates associated with a name: Codice autore musica SPICS: 27021
- Relator term: Autore musica
- Name of part/section of a work: If You Don't Know Me By Now
670 ## - SOURCE DATA FOUND
- Source citation: Work cat.: (IT-RoPau)100123: AA.VV. 794, Topazio e le altre...